Proceedings of the first Asian fisheries forum, Manila, Philippines, 26-31 May 1986 (Record no. 1056)
[ view plain ]
| 000 -LEADER | |
|---|---|
| fixed length control field | 00612nam a2200205Ia 4500 |
| 020 ## - INTERNATIONAL STANDARD BOOK NUMBER | |
| ISBN | 971-1022-27-3 |
| 082 ## - DEWEY DECIMAL CLASSIFICATION NUMBER | |
| Classification number | 639.2 ASI-P |
| 245 #0 - TITLE STATEMENT | |
| Title | Proceedings of the first Asian fisheries forum, Manila, Philippines, 26-31 May 1986 |
| 260 ## - PUBLICATION, DISTRIBUTION, ETC. (IMPRINT) | |
| Place of publication | Manila |
| Name of publisher | Asian Fisheries Society |
| Year of publication | 1986 |
| 300 ## - PHYSICAL DESCRIPTION | |
| Number of Pages | 727p. |
| 650 ## - SUBJECT ADDED ENTRY--TOPICAL TERM | |
| Topical Term | Fish-culture - Asia |
| 650 ## - SUBJECT ADDED ENTRY--TOPICAL TERM | |
| Topical Term | Fisheries - Research - Asia |
| 650 ## - SUBJECT ADDED ENTRY--TOPICAL TERM | |
| Topical Term | Aquaculture industry - Asia |
| 650 ## - SUBJECT ADDED ENTRY--TOPICAL TERM | |
| Topical Term | Fisheries - Economic aspects - Asia |
| 700 ## - ADDED ENTRY--PERSONAL NAME | |
| Personal name | Maclean, J.L. |
| 700 ## - ADDED ENTRY--PERSONAL NAME | |
| Personal name | Dizon, L.B. |
| 700 ## - ADDED ENTRY--PERSONAL NAME | |
| Personal name | Hosillos, L.V. |
| 710 ## - ADDED ENTRY--CORPORATE NAME | |
| Corporate name or jurisdiction name as entry element | Asian fisheries forum |
| 942 ## - ADDED ENTRY ELEMENTS (KOHA) | |
| Koha item type | Books |
| Withdrawn status | Lost status | Damaged status | Not for loan | Home library | Current library | Date acquired | Bill Date | Full call number | Accession Number | Price effective from | Koha item type |
|---|---|---|---|---|---|---|---|---|---|---|---|
| NASSDOC Library | NASSDOC Library | 08/06/2004 | 2004-10-22 | 639.2 ASI-P | 28802 | 18/04/2019 | Books |
